书目信息 |
| 题名: |
山海经校译
|
|
| 作者: | 袁珂校 译 | |
| 分册: | ||
| 出版信息: | 上海 上海古籍出版社 1985.9 |
|
| 页数: | 311页 | |
| 开本: | 20cm | |
| 丛书名: | ||
| 单 册: | ||
| 中图分类: | I242.1 | |
| 科图分类: | 242.1 | |
| 主题词: | 小说--中国 | |
| 电子资源: | ||
| ISBN: | ||
| 000 | 00540nam0 2200205 45 | |
| 001 | 0312221749 | |
| 005 | 20060329111143.07 | |
| 010 | @dCNY1.85 | |
| 100 | @a20031222d1985 km y0chiy0120 ea | |
| 101 | @achi | |
| 105 | @a z 000yy | |
| 200 | 1 | @a山海经校译@AShan Hai Jing Xiao Yi@f袁珂校译@FYuan Ke Xiao Yi |
| 210 | @a上海@c上海古籍出版社@d1985.9 | |
| 215 | @a311页@d20cm | |
| 606 | 0 | @a小说@x中国 |
| 690 | @aI242.1@v4 | |
| 692 | @a242.1 | |
| 701 | 0 | @a袁珂校@4译 |
| 801 | @aCN@bTSTCL@c20060329 | |
| 905 | @a213230@dI242.1@e40@b148467@f1 | |
| 山海经校译/袁珂校译.-上海:上海古籍出版社,1985.9 |
| 311页;20cm |
| ISBN :CNY1.85 |
| ● |
| 相关链接 |
|
|
|
|
正题名:山海经校译
索取号:I242.1/40
 
预约/预借
| 序号 | 登录号 | 条形码 | 馆藏地/架位号 | 状态 | 备注 |
| 1 | 0148467 | 001745320 | 密集书库/ [索取号:I242.1/40] | 在馆 | |
| 2 | 0148468 | 000177873 | 第一样本阅览室/ [索取号:I242.1/40] | 在馆 |